Hydrologic system / (Record no. 544647)

000 -LEADER
fixed length control field 00458nam a22001577a 4500
020 ## - INTERNATIONAL STANDARD BOOK NUMBER
International Standard Book Number 01344805LL025
082 ## - DEWEY DECIMAL CLASSIFICATION NUMBER
Classification number 551.480724
Author Mark SIN
-- L-18, P-22
100 ## - MAIN ENTRY--PERSONAL NAME
Personal name Singh, Vijay P
9 (RLIN) 40322
245 ## - TITLE STATEMENT
Title Hydrologic system /
Statement of responsibility, etc. Vijay P Singh
260 ## - PUBLICATION, DISTRIBUTION, ETC.
Place of publication, distribution, etc. New Jarsey
Name of publisher, distributor, etc. Prentice Hall, Englewood
Date of publication, distribution, etc. 1988.
300 ## - PHYSICAL DESCRIPTION
Extent xiii, 480 p. :
526 ## - STUDY PROGRAM INFORMATION NOTE
Program name 0
Interest level 0
Reading level 0
Title point value 551_480724000000000_SIN
526 ## - STUDY PROGRAM INFORMATION NOTE
Program name 0
Interest level 0
Reading level 0
Title point value 551_480724000000000_SIN
650 ## - SUBJECT ADDED ENTRY--TOPICAL TERM
Topical term or geographic name entry element MCE
9 (RLIN) 379
942 ## - ADDED ENTRY ELEMENTS (KOHA)
Source of classification or shelving scheme
Koha item type Book
Holdings
Withdrawn status Lost status Source of classification or shelving scheme Damaged status Not for loan Permanent Location Current Location Date acquired Total Checkouts Full call number Barcode Date last seen Date last checked out Price effective from Koha item type Public note
          Military College of Engineering (MCE) Military College of Engineering (MCE) 05/08/2014 1 551.480724 SIN MCE-27234 05/13/2014 05/13/2014 05/08/2014 Book  
          Military College of Engineering (MCE) Military College of Engineering (MCE) 05/13/2014   551.480724 SIN MCE-27235 05/13/2014   05/13/2014 Book v,2
© 2023 Central Library, National University of Sciences and Technology. All Rights Reserved.